Tennis - Rafael Nadal - Statistiques

Statistiques générales
  • Ce quiz a été pris 183 fois
  • Le résultat moyen est 14 sur 22
Statistiques - réponses
Hint Réponse % Correct
Country Spain
96%
Best ranking 1
92%
Age of the first Roland Garros title 19
87%
Roland-Garros titles 14
86%
Grand Slam titles 22
85%
one of the 5 years he won the Davis Cup 2004, 2008, 2009, 2011, 2019
80%
Professional career beginning 2001
72%
Year 2008
70%
Best Olympic Games result Gold
68%
Most met opponent in career Novak Djokovic
67%
Laterality Left
64%
Consecutive victories against this player 18
59%
Number of titles 92
56%
one of the 3 Masters1000 he never won Miami, Shanghai, Paris
54%
Birth 1986
52%
Last tournament played Roland Garros
51%
Last opponent in career Alexander Zverev
48%
Tournament he won 8 times in a row Monte-Carlo
48%
Opponent against whom he has the longest serie of victories Richard Gasquet
41%
On Clay 63
38%
Backhand Two-handed
31%
Last opponent Fernando Gonzalez
15%
Aucun quiz correspondant
Distribution des résultats
% des personnes avec chaque résultat
Percentile par nombre de réponses
Votre historique - résultats
Vous n’avez pas pris ce quiz